Giúp trí nhớ chuỗi phản ứng hóa học

Gorde:
Xehetasun bibliografikoak
Egile nagusia: Ngô Ngọc An
Formatua: Liburua
Hizkuntza:Undetermined
Argitaratua: Hà Nội Giáo dục 2004
Gaiak:
Etiketak: Etiketa erantsi
Etiketarik gabe, Izan zaitez lehena erregistro honi etiketa jartzen!
Thư viện lưu trữ: Trung tâm Học liệu Trường Đại học Cần Thơ
LEADER 00525nam a2200193Ia 4500
001 CTU_90789
008 210402s9999 xx 000 0 und d
020 |c 10000 
082 |a 541.39 
082 |b A105 
100 |a Ngô Ngọc An 
245 0 |a Giúp trí nhớ chuỗi phản ứng hóa học 
245 0 |c Ngô Ngọc An 
260 |a Hà Nội 
260 |b Giáo dục 
260 |c 2004 
650 |a chemical reactions 
904 |i Trúc 
980 |a Trung tâm Học liệu Trường Đại học Cần Thơ